Nos amis les insectes #4 La fourmi - Statistiques

Statistiques générales
  • Ce quiz a été pris 61 fois
  • Le résultat moyen est 9 sur 21
Statistiques - réponses
Indice Réponse % Correct
Nombre de paires d'ailes qu'ils possèdent 2
92%
Dénomination des autres individus de la colonie Ouvrière
79%
Dénomination des femelles reproductrices Reine
79%
Insectes que des fourmis "élèvent" pour se nourrir de leur miellat Pucerons
67%
Seules régions du monde à ne pas être colonisées par les fourmis Groenland | Antarctique
65%
Nom de la colonie de fourmis Fourmilière
58%
Type de fourmis sur lesquelles Michel Jonasz s'était couché Les fourmis {rouges}
52%
Organismes que des fourmis "cultivent" grâce aux fragments de feuilles qu'elles découpent Champignons
48%
Composé chimique utilisé pour la communication entre les fourmis Phéromone
46%
Qualité de la fourmi dans l'imaginaire collectif Travailleuse
46%
Défaut de la fourmi chez La Fontaine Avare
42%
Citer un mammifère, autre que le fourmilier, dont le régime alimentaire comprend essentiellement des fourmis Tamanoir | Pangolin
38%
Ordre d'insectes auquel appartiennent les fourmis Hyménoptères
33%
Nom donné à l'étude des fourmis Myrmécologie
33%
Auteur de romans mettant en scène des fourmis Bernard Werber
31%
Pays d'origine d'une fourmi particulièrement invasive en Europe, où elle a formé une supercolonie qui s'étend de l'Italie du Nord jusqu'au Portugal Fourmi d'{Argentine}
27%
Pourtant, à l'exception des individus reproducteurs, la plupart des fourmis n'ont pas d'ailes, on dit qu'elles sont Aptères
21%
Types de fourmis particulièrement voraces et parfois supposément "mangeuses d'hommes" - Citez-en un Légionnaires | Magnan | Dorylus | Marabunta
19%
Peuple grec, "peuple-fourmi", qui participe à la guerre de Troie sous le commandement d'Achille Les Myrmidons
13%
Poète français (1900-1945), auteur de "Une fourmi de dix-huit mètres" Robert Desnos
13%
Les fourmis produisent l'acide formique, mais en chimie on l'appelle... Acide {méthanoïque}
8%
Aucun quiz correspondant
Distribution des résultats
% des personnes avec chaque résultat
Percentile par nombre de réponses
Votre historique - résultats
Vous n’avez pas pris ce quiz